| 000 | 00865cam a22002411 4500 | ||
|---|---|---|---|
| 001 | af 49000686 | ||
| 003 | DLC | ||
| 005 | 20260227110916.0 | ||
| 008 | 851119s1943 au c b 000 0 ger | ||
| 010 | _aaf 49000686 | ||
| 035 | _a(OCoLC)12818762 | ||
| 040 |
_aDLC _cTxHR _dDLC |
||
| 042 | _apremarc | ||
| 050 | 0 | 0 |
_aPT2647.E453 _bZ65 |
| 245 | 0 | 0 |
_aJosef Weinheber, _bEhrendoktor der Philosophie der Universität Wien, im Auftrage des Rektors der Universität Wien _czusammengestellt von Dietrich von Kralik. |
| 260 |
_aWien, _bVerlag der Ringbuchhandlung, _c1943. |
||
| 300 |
_a72 p. _bport. _c19 cm. |
||
| 490 | 0 |
_aWiener wissenschaftliche Vorträge und Reden, _vHeft 5 |
|
| 504 | _a"Bibliographisches": p.70. | ||
| 600 | 1 | 0 |
_aWeinheber, Josef, _d1892-1945. |
| 700 | 1 |
_aKralik, Dietrich, _cRitter von Meyrswalden, _d1884-1959, _eed. |
|
| 710 | 2 | _aUniversität Wien. | |
| 999 |
_c6695 _d6695 |
||